[Event "Oberfranken Senioren-EM2009 26th"]
[Site "Bischofsgrün (5.6.-13.6)"]
[Date "2009.06.09"]
[Round "5.14"]
[White "Klein, Reinhard(53)"]
[Black "Gehlen, Peter"]
[Result "1-0"]
[WhiteElo "1686"]
[BlackElo "1389"]
[PlyCount "69"]
[EventDate "2009.06.??"]
[EventType "swiss"]
[EventRounds "9"]
[WhiteTeam "München-RTA SC"]
[BlackTeam "Untersiemau TSV"]

1. d4 d5 2. c4 e6 3. Nf3 Nf6 4. Nc3 h6 5. a3 Bd6 6. c5 Be7 7. Bf4 Nc6 8. Nb5
O-O 9. Nxc7 Rb8 10. Nxd5 Ra8 11. Nxf6+ Bxf6 12. e3 a6 13. Bd3 Ne7 14. Qc2 Nd5
15. Be5 Bxe5 16. Nxe5 Qg5 17. O-O-O b6 18. h4 Qf6 19. c6 b5 20. g4 Qe7 21. Bh7+
Kh8 22. Be4 b4 23. Qc5 Qxc5+ 24. dxc5 bxa3 25. Bxd5 exd5 26. bxa3 Rb8 27. Rxd5
Rb5 28. Nd7 Bxd7 29. cxd7 Rd8 30. Rhd1 Rb7 31. Rd6 Kh7 32. f4 Rdb8 33. Rb6 Rxb6
34. cxb6 Rxb6 35. d8=Q 1-0

[Event "Oberfranken Senioren-EM2009 26th"]
[Site "Bischofsgrün (5.6.-13.6)"]
[Date "2009.06.09"]
[Round "5.15"]
[White "Wagner, Gerhard(50)"]
[Black "Froehling, Philippa"]
[Result "1-0"]
[WhiteElo "1560"]
[BlackElo "1259"]
[PlyCount "82"]
[EventDate "2009.06.??"]
[EventType "swiss"]
[EventRounds "9"]
[WhiteTeam "Windach Spf."]
[BlackTeam "Bamberg-1868 SC"]

1. e4 e5 2. Nf3 d6 3. h3 Nf6 4. Nc3 c5 5. Bc4 h6 6. O-O a6 7. a4 Nc6 8. Re1 Nd4
9. Nd5 Nxd5 10. Bxd5 Qe7 11. c3 Nxf3+ 12. Qxf3 Be6 13. d3 Bxd5 14. exd5 f6 15.
d4 cxd4 16. cxd4 g5 17. Bd2 Bg7 18. Rac1 O-O 19. Qf5 Qf7 20. Qe6 Qxe6 21. dxe6
exd4 22. e7 Rfe8 23. Rc7 Rab8 24. Rd7 b6 25. Rxd6 f5 26. f4 gxf4 27. Bxf4 Rb7
28. Bxh6 Bxh6 29. Rxh6 Rbxe7 30. Rxe7 Rxe7 31. Rd6 Re1+ 32. Kf2 Rb1 33. Rxd4
Rxb2+ 34. Kf3 a5 35. g3 Rb4 36. Rxb4 axb4 37. Ke2 Kh7 38. Kd3 Kg6 39. Kc4 Kg5
40. Kxb4 f4 41. gxf4+ Kxf4 1-0

[Event "Oberfranken Senioren-EM2009 26th"]
[Site "Bischofsgrün (5.6.-13.6)"]
[Date "2009.06.10"]
[Round "6.1"]
[White "Urytskyy, Arkadiy"]
[Black "Schweizer, Wolfgang Dr"]
[Result "1-0"]
[WhiteElo "2105"]
[BlackElo "1908"]
[PlyCount "75"]
[EventDate "2009.06.??"]
[EventType "swiss"]
[EventRounds "9"]
[WhiteTeam "Kirchenlaibach TSV"]
[BlackTeam "Kulmbach SK"]

1. Nf3 Nf6 2. g3 b6 3. Bg2 Bb7 4. O-O g6 5. c4 c5 6. b3 Bg7 7. Bb2 O-O 8. d4
cxd4 9. Qxd4 Nc6 10. Qd2 d6 11. Nc3 Qd7 12. Rfd1 Rfd8 13. Nd5 Ne8 14. Bxg7 Kxg7
15. h4 e6 16. Bh3 Ne7 17. Qb2+ Kg8 18. Ng5 Nf5 19. Bxf5 Bxd5 20. Bxg6 hxg6 21.
cxd5 e5 22. Rac1 Rdc8 23. Qd2 Rxc1 24. Rxc1 Rc8 25. Kg2 Nf6 26. e4 Rc7 27. Rxc7
Qxc7 28. Qb4 Kg7 29. Qa4 Nh7 30. Qc6 Qe7 31. Nf3 Nf6 32. Nd2 Kh6 33. f3 g5 34.
hxg5+ Kxg5 35. Nc4 Ne8 36. a4 f5 37. exf5 Kxf5 38. Qxe8 1-0

[Event "Oberfranken Senioren-EM2009 26th"]
[Site "Bischofsgrün (5.6.-13.6)"]
[Date "2009.06.10"]
[Round "6.2"]
[White "Ragsch, Klaus"]
[Black "Jeske, Eckhard(52)"]
[Result "0-1"]
[WhiteElo "1813"]
[BlackElo "2159"]
[PlyCount "66"]
[EventDate "2009.06.??"]
[EventType "swiss"]
[EventRounds "9"]
[WhiteTeam "Neuss/Norf SG"]
[BlackTeam "Rostock-07 SSC"]

1. e4 c6 2. d4 g6 3. c3 d5 4. Nd2 Bg7 5. Ngf3 dxe4 6. Nxe4 Nd7 7. Bc4 Ngf6 8.
Ng3 O-O 9. O-O Qc7 10. Re1 e6 11. Bb3 c5 12. Bd2 b6 13. Qe2 Re8 14. Rad1 Bb7
15. Ba4 a6 16. dxc5 b5 17. Bc2 Nxc5 18. b4 Ncd7 19. a4 Nd5 20. axb5 Nxc3 21.
Bxc3 Bxc3 22. Ne4 Bxe4 23. Bxe4 Bxe1 24. Nxe1 Rab8 25. bxa6 Rxb4 26. Bb7 e5 27.
Nf3 Nc5 28. Rc1 Qb6 29. Bd5 Qxa6 30. Qxa6 Nxa6 31. h3 h6 32. Rc6 Rb1+ 33. Kh2
Nb4 0-1

[Event "Oberfranken Senioren-EM2009 26th"]
[Site "Bischofsgrün (5.6.-13.6)"]
[Date "2009.06.10"]
[Round "6.3"]
[White "Romanow, Werner"]
[Black "Jaschke, Dieter"]
[Result "1-0"]
[WhiteElo "1975"]
[BlackElo "1773"]
[PlyCount "76"]
[EventDate "2009.06.??"]
[EventType "swiss"]
[EventRounds "9"]
[WhiteTeam "Merseburg SV"]
[BlackTeam "Kirchenlaibach TSV"]

1. c4 c5 2. Nf3 Nf6 3. Nc3 Nc6 4. d4 cxd4 5. Nxd4 d6 6. e3 g6 7. Be2 Bg7 8. O-O
O-O 9. b3 Qa5 10. Bb2 a6 11. Qd2 Bf5 12. Rfd1 Rad8 13. Nxc6 bxc6 14. Bf3 Qc7
15. h3 h5 16. Qe2 Qc8 17. Rac1 Bh6 18. Na4 Nd7 19. Bxh5 Bg7 20. Bxg7 Kxg7 21.
Bg4 Bxg4 22. Qxg4 f5 23. Qd4+ Nf6 24. Nc3 e5 25. Qb6 Nd7 26. Qa7 Rf6 27. e4 Qa8
28. Qe3 Nc5 29. f3 Ne6 30. Ne2 f4 31. Qf2 Ng5 32. Rd2 Rh8 33. Rcd1 Rxh3 34.
Rxd6 Rxd6 35. Rxd6 Rxf3 36. Rd7+ Kg8 37. Qb6 Nh3+ 38. gxh3 Qc8 1-0

[Event "Oberfranken Senioren-EM2009 26th"]
[Site "Bischofsgrün (5.6.-13.6)"]
[Date "2009.06.10"]
[Round "6.4"]
[White "Wawrinsky, Ludwig"]
[Black "Josting, Friedel"]
[Result "0-1"]
[WhiteElo "1723"]
[BlackElo "1821"]
[PlyCount "40"]
[EventDate "2009.06.??"]
[EventType "swiss"]
[EventRounds "9"]
[WhiteTeam "Neuperlach SK"]
[BlackTeam "Bünde SG"]

1. e4 c5 2. d3 g6 3. g3 Bg7 4. Bg2 d6 5. f4 Nc6 6. Nf3 Nf6 7. O-O O-O 8. c3 Qc7
9. Re1 e5 10. Na3 Rb8 11. Nc4 b5 12. Nxd6 Bg4 13. fxe5 Nxe5 14. Bf4 Nh5 15.
Nxb5 Rxb5 16. Qa4 Rxb2 17. Nxe5 Bxe5 18. Bh6 Rfb8 19. d4 Bxg3 20. Rf1 Bxh2+ 0-1

[Event "Oberfranken Senioren-EM2009 26th"]
[Site "Bischofsgrün (5.6.-13.6)"]
[Date "2009.06.10"]
[Round "6.5"]
[White "Kraft, Hans(32)"]
[Black "Boeven, Manfred"]
[Result "1-0"]
[WhiteElo "1936"]
[BlackElo "1978"]
[PlyCount "111"]
[EventDate "2009.06.??"]
[EventType "swiss"]
[EventRounds "9"]
[WhiteTeam "Zirndorf SK"]
[BlackTeam "Geilenkirchen SF"]

1. e4 c5 2. c3 Nf6 3. e5 Nd5 4. d4 cxd4 5. Nf3 e6 6. Qxd4 Nc6 7. Qe4 f5 8. exf6
Nxf6 9. Qh4 d5 10. Bd3 Bd6 11. Bg6+ Ke7 12. Bc2 h6 13. Bg6 Bd7 14. O-O Be8 15.
Bxe8 Rxe8 16. Bf4 e5 17. Bg3 Kf7 18. Nbd2 e4 19. Nd4 Nxd4 20. cxd4 Rc8 21. Rfc1
e3 22. fxe3 Rxc1+ 23. Rxc1 Rxe3 24. Nf3 Re4 25. Qh3 Qb6 26. Bxd6 Qxd6 27. Ne5+
Rxe5 28. dxe5 Qxe5 29. Qc3 Qg5 30. Re1 Kg8 31. Qe3 Qh4 32. g3 Qb4 33. Re2 b6
34. Kg2 Kh8 35. Qc3 Qg4 36. Qd3 Qg5 37. Qe3 Qg4 38. Qe6 Qc4 39. b3 Qd3 40. Qe3
Qf5 41. h3 Qd7 42. Qd3 Qc6 43. Rc2 Qe6 44. Qg6 Qd7 45. g4 d4 46. Qf5 Qe7 47.
Rc8+ Ng8 48. Rc2 Qe3 49. Qf3 Qe5 50. Rd2 Nf6 51. Re2 Qc5 52. h4 Qb5 53. Rd2 Qe5
54. Rc2 Qe7 55. g5 hxg5 56. hxg5 1-0

[Event "Oberfranken Senioren-EM2009 26th"]
[Site "Bischofsgrün (5.6.-13.6)"]
[Date "2009.06.10"]
[Round "6.6"]
[White "Weigel, Herbert"]
[Black "Otto, Klaus(41)"]
[Result "1-0"]
[WhiteElo "2010"]
[BlackElo "1607"]
[PlyCount "95"]
[EventDate "2009.06.??"]
[EventType "swiss"]
[EventRounds "9"]
[WhiteTeam "Zirndorf SK"]
[BlackTeam "Triebes SV"]

1. e4 e6 2. d4 d5 3. Nd2 c5 4. exd5 Qxd5 5. Ngf3 cxd4 6. Bc4 Qd8 7. O-O Nf6 8.
Nb3 Nc6 9. Nbxd4 Nxd4 10. Nxd4 Bc5 11. Nb3 Qxd1 12. Rxd1 Bb6 13. Bg5 Ne4 14.
Bb5+ Kf8 15. Be3 Ke7 16. Bd3 Bxe3 17. Bxe4 Bb6 18. a4 Rb8 19. Rd2 f5 20. Bd3
Rd8 21. Re2 Kf6 22. Rae1 Rd6 23. Bc4 Bd7 24. a5 Bc7 25. Nc5 Bc8 26. Nxe6 Bxa5
27. c3 Bxe6 28. Rxe6+ Rxe6 29. Rxe6+ Kg5 30. g3 g6 31. Re7 Kh6 32. Bd5 Rd8 33.
c4 Bb6 34. b4 Bd4 35. Rxb7 Rd6 36. Bg8 a5 37. Rxh7+ Kg5 38. bxa5 Ra6 39. Kg2 f4
40. h4+ Kf5 41. Kf3 fxg3 42. fxg3 Rxa5 43. g4+ Ke5 44. Re7+ Kf6 45. Rd7 Bb2 46.
Rb7 Bc3 47. Ke4 Re5+ 48. Kd3 1-0

[Event "Oberfranken Senioren-EM2009 26th"]
[Site "Bischofsgrün (5.6.-13.6)"]
[Date "2009.06.10"]
[Round "6.7"]
[White "Hoellger, Herbert"]
[Black "Segelken, Peter(41)"]
[Result "1-0"]
[WhiteElo "1883"]
[BlackElo "1702"]
[PlyCount "71"]
[EventDate "2009.06.??"]
[EventType "swiss"]
[EventRounds "9"]
[WhiteTeam "Bad Hersfeld SK"]
[BlackTeam "Delmenhorst SK"]

1. d4 d5 2. c4 c6 3. Nf3 Nf6 4. Nc3 g6 5. e3 Bg7 6. Be2 O-O 7. O-O Bg4 8. Ne5
Bxe2 9. Qxe2 e6 10. Rd1 Nbd7 11. Nxd7 Qxd7 12. e4 dxe4 13. Nxe4 Nxe4 14. Qxe4
Rad8 15. Bg5 Rc8 16. Qh4 Rfe8 17. Rd2 Bf8 18. Qe4 Be7 19. Bf4 Bd6 20. Be3 Rcd8
21. Rad1 Bb4 22. Rd3 Bf8 23. Bg5 Be7 24. Bf4 Bd6 25. Bd2 c5 26. Bg5 Be7 27.
dxc5 Qc7 28. Bxe7 Qxe7 29. Rd6 b6 30. Qd3 Rxd6 31. cxd6 Qd7 32. b4 Rc8 33. Rc1
Rc6 34. c5 bxc5 35. bxc5 f6 36. h3 1-0

[Event "Oberfranken Senioren-EM2009 26th"]
[Site "Bischofsgrün (5.6.-13.6)"]
[Date "2009.06.10"]
[Round "6.8"]
[White "Doerfel, Franz"]
[Black "Schurig, Wilhelm"]
[Result "0-1"]
[WhiteElo "1787"]
[BlackElo "1859"]
[PlyCount "48"]
[EventDate "2009.06.??"]
[EventType "swiss"]
[EventRounds "9"]
[WhiteTeam "Rehau ASV"]
[BlackTeam "Thiersheim SV"]

1. e4 g6 2. d4 Bg7 3. Nf3 d6 4. Be2 Nd7 5. Nc3 a6 6. Be3 b5 7. b4 c5 8. Qd2
cxb4 9. Nd5 Ngf6 10. Nxf6+ Nxf6 11. e5 Nd5 12. Bh6 O-O 13. Bxg7 Kxg7 14. O-O
Bb7 15. h4 h5 16. a3 bxa3 17. Rxa3 b4 18. Rb3 a5 19. Bc4 Nb6 20. Qe2 Nxc4 21.
Qxc4 Ba6 22. Qd5 Bxf1 23. Kxf1 e6 24. Qe4 a4 0-1

[Event "Oberfranken Senioren-EM2009 26th"]
[Site "Bischofsgrün (5.6.-13.6)"]
[Date "2009.06.10"]
[Round "6.9"]
[White "Tuertmann, Dieter"]
[Black "Jeske, Guenter(28)"]
[Result "1-0"]
[WhiteElo "1814"]
[BlackElo "1587"]
[PlyCount "77"]
[EventDate "2009.06.??"]
[EventType "swiss"]
[EventRounds "9"]
[WhiteTeam "Eberswalde-1949 ESV"]
[BlackTeam "Rostock-07 SSC"]

1. d4 d5 2. Nf3 e6 3. e3 Nf6 4. Bd3 a6 5. a4 c5 6. c3 Nc6 7. Nbd2 Be7 8. O-O
O-O 9. Qe2 c4 10. Bc2 Bd6 11. e4 Bc7 12. e5 Nd7 13. h4 h6 14. Re1 f5 15. Nf1 f4
16. g4 g5 17. hxg5 hxg5 18. Bg6 Ne7 19. Qc2 Nc6 20. Bh5 Qe7 21. Qg6+ Qg7 22.
Qxg7+ Kxg7 23. Nxg5 Nb6 24. f3 Bd8 25. Nh3 Bh4 26. Re2 Bg3 27. Kg2 Bd7 28. a5
Nc8 29. Nxg3 fxg3 30. Kxg3 N8e7 31. Bg5 Be8 32. Bf6+ Kg8 33. Bxe8 Raxe8 34. Ng5
Ng6 35. f4 Nd8 36. Rh1 Nf7 37. Nh7 Nfh8 38. Nxf8 Rxf8 39. Reh2 1-0

[Event "Oberfranken Senioren-EM2009 26th"]
[Site "Bischofsgrün (5.6.-13.6)"]
[Date "2009.06.10"]
[Round "6.10"]
[White "Barlo, Werner"]
[Black "Huhn, Ulrich"]
[Result "1/2-1/2"]
[WhiteElo "1778"]
[BlackElo "1860"]
[PlyCount "112"]
[EventDate "2009.06.??"]
[EventType "swiss"]
[EventRounds "9"]
[WhiteTeam "Berlin-Zehlendorf SK"]
[BlackTeam "Berlin-Lasker-Steglitz SG"]

1. d4 d5 2. Nf3 Nf6 3. c4 c6 4. Nc3 Bf5 5. e3 e6 6. a3 Nbd7 7. cxd5 cxd5 8. Bb5
a6 9. Bd3 Bxd3 10. Qxd3 Bd6 11. Bd2 O-O 12. O-O Rc8 13. Rac1 Re8 14. e4 dxe4
15. Nxe4 Nxe4 16. Qxe4 Qb6 17. Bc3 Nf6 18. Qd3 Rc7 19. Rc2 Rec8 20. Rfc1 Qb3
21. Nd2 Qd5 22. g3 b5 23. Ba5 Rc6 24. Rxc6 Rxc6 25. Rxc6 Qxc6 26. Qc3 Qxc3 27.
Bxc3 Nd5 28. Ba5 Bc7 29. Bxc7 Nxc7 30. Nb3 Kf8 31. Kf1 Ke7 32. Ke2 Kd6 33. Kd3
Kd5 34. f4 Ne8 35. Nc5 a5 36. Ne4 Nd6 37. Nc3+ Kc6 38. b3 h6 39. Ne4 Nxe4 40.
Kxe4 Kd6 41. g4 f6 42. h3 a4 43. bxa4 bxa4 44. h4 g5 45. hxg5 hxg5 46. f5 Ke7
47. fxe6 Kxe6 48. d5+ Kd6 49. Kf5 Kxd5 50. Kxf6 Kc4 51. Kxg5 Kb3 52. Kh6 Kxa3
53. g5 Kb3 54. g6 a3 55. g7 a2 56. g8=Q+ Kb2 1/2-1/2

[Event "Oberfranken Senioren-EM2009 26th"]
[Site "Bischofsgrün (5.6.-13.6)"]
[Date "2009.06.10"]
[Round "6.11"]
[White "Tunka, Josef"]
[Black "Oser, Thor"]
[Result "1/2-1/2"]
[WhiteElo "1664"]
[BlackElo "1613"]
[PlyCount "28"]
[EventDate "2009.06.??"]
[EventType "swiss"]
[EventRounds "9"]
[WhiteTeam "Lingen SV"]
[BlackTeam "Jöhlingen SK"]

1. c4 g6 2. Nc3 Bg7 3. g3 Nf6 4. Bg2 c6 5. e4 e5 6. Nge2 O-O 7. O-O d6 8. h3
Be6 9. d3 Qc8 10. Kh2 Nbd7 11. b3 c5 12. Be3 h6 13. Qd2 Kh7 14. Rab1 Ne8
1/2-1/2

[Event "Oberfranken Senioren-EM2009 26th"]
[Site "Bischofsgrün (5.6.-13.6)"]
[Date "2009.06.10"]
[Round "6.12"]
[White "Meyer, Thomas(52)"]
[Black "Klein, Reinhard(53)"]
[Result "0-1"]
[WhiteElo "1587"]
[BlackElo "1686"]
[PlyCount "28"]
[EventDate "2009.06.??"]
[EventType "swiss"]
[EventRounds "9"]
[WhiteTeam "Tübingen SV"]
[BlackTeam "München-RTA SC"]

1. d4 Nf6 2. c4 e6 3. Nc3 Bb4 4. Qc2 Nc6 5. Nf3 O-O 6. Bg5 h6 7. Bh4 d6 8. e3
e5 9. Be2 Bg4 10. Rd1 Qe7 11. O-O Bxc3 12. bxc3 e4 13. Bxf6 gxf6 14. Nd2 Bxe2
0-1

[Event "Oberfranken Senioren-EM2009 26th"]
[Site "Bischofsgrün (5.6.-13.6)"]
[Date "2009.06.10"]
[Round "6.13"]
[White "Weidmann, Hartmut"]
[Black "Theuermeister, Peter"]
[Result "1-0"]
[WhiteElo "1649"]
[BlackElo "1633"]
[PlyCount "109"]
[EventDate "2009.06.??"]
[EventType "swiss"]
[EventRounds "9"]
[WhiteTeam "Kirchenlamitz SF"]
[BlackTeam "Hof-PTSV SK"]

1. d4 Nf6 2. c4 g6 3. Nc3 d5 4. Nf3 c6 5. a3 Bg7 6. cxd5 cxd5 7. Bg5 Nc6 8. h3
Ne4 9. Bf4 Qa5 10. Rc1 Nxc3 11. Rxc3 Qb6 12. Rb3 Qd8 13. e3 a6 14. Bd3 O-O 15.
O-O Re8 16. Qc2 e6 17. Rc3 Bd7 18. Rc1 Rc8 19. b4 Qe7 20. Qb3 h6 21. Qb1 f5 22.
b5 axb5 23. Bxb5 g5 24. Bh2 Ra8 25. a4 g4 26. hxg4 fxg4 27. Ne1 Qg5 28. Bf4 Qf6
29. Nd3 Qf7 30. Nc5 Bc8 31. Bd3 Rf8 32. Qc2 Nxd4 33. Qd1 e5 34. Bg3 Nc6 35. e4
Nb4 36. Bb1 Kh8 37. Rb3 b6 38. Nd3 Nxd3 39. Bxd3 Rb8 40. Rb5 Be6 41. exd5 Bxd5
42. Qxg4 Be6 43. Qe2 Bd5 44. Bxe5 Rfe8 45. Bxb8 Rxb8 46. Rxb6 Re8 47. Qg4 Ra8
48. Rg6 Rf8 49. Rf1 Re8 50. Qh5 Kg8 51. Qxh6 Kf8 52. Qh4 Re7 53. Rb1 Qe8 54.
Qf4+ Kg8 55. Rb8 1-0

[Event "Oberfranken Senioren-EM2009 26th"]
[Site "Bischofsgrün (5.6.-13.6)"]
[Date "2009.06.10"]
[Round "6.14"]
[White "Bullock, Alfred"]
[Black "Wagner, Gerhard(50)"]
[Result "1/2-1/2"]
[WhiteElo "1403"]
[BlackElo "1560"]
[PlyCount "49"]
[EventDate "2009.06.??"]
[EventType "swiss"]
[EventRounds "9"]
[WhiteTeam "ENG-Poole"]
[BlackTeam "Windach Spf."]
[WhiteTeamCountry "ENG"]

1. d3 d5 2. e4 dxe4 3. dxe4 Qxd1+ 4. Kxd1 Nc6 5. Bd3 Nf6 6. Be3 e5 7. Nf3 Be7
8. Ke2 O-O 9. a3 Bg4 10. Nbd2 a6 11. h3 Bd7 12. g4 Rfe8 13. Nf1 Rad8 14. Ng3 h6
15. g5 hxg5 16. Nxg5 Nd4+ 17. Bxd4 exd4 18. Bc4 Bb5 19. Bxb5 axb5 20. Kd3 c5
21. b3 Bd6 22. Rhe1 Bf4 23. Nf3 Nd7 24. a4 bxa4 25. Rxa4 1/2-1/2

[Event "Oberfranken Senioren-EM2009 26th"]
[Site "Bischofsgrün (5.6.-13.6)"]
[Date "2009.06.10"]
[Round "6.15"]
[White "Gehlen, Peter"]
[Black "Froehling, Philippa"]
[Result "1/2-1/2"]
[WhiteElo "1389"]
[BlackElo "1259"]
[PlyCount "56"]
[EventDate "2009.06.??"]
[EventType "swiss"]
[EventRounds "9"]
[WhiteTeam "Untersiemau TSV"]
[BlackTeam "Bamberg-1868 SC"]

1. e4 e5 2. Nf3 d6 3. Nc3 Ne7 4. h3 h6 5. Bc4 c6 6. d4 exd4 7. Nxd4 d5 8. exd5
cxd5 9. Bb5+ Bd7 10. O-O Bxb5 11. Ncxb5 a6 12. Nc3 g6 13. Re1 Bg7 14. Nf3 O-O
15. Ne2 Nbc6 16. c3 b5 17. Ned4 Nxd4 18. Nxd4 Re8 19. Bf4 Qd7 20. Qd2 g5 21.
Bh2 Ng6 22. Rxe8+ Rxe8 23. Re1 Rxe1+ 24. Qxe1 Qe7 25. Qxe7 Nxe7 26. Nf3 Nc6 27.
Bc7 b4 28. cxb4 Nxb4 1/2-1/2

[Event "Oberfranken Senioren-EM2009 26th"]
[Site "Bischofsgrün (5.6.-13.6)"]
[Date "2009.06.11"]
[Round "7.1"]
[White "Romanow, Werner"]
[Black "Urytskyy, Arkadiy"]
[Result "1/2-1/2"]
[WhiteElo "1975"]
[BlackElo "2105"]
[PlyCount "91"]
[EventDate "2009.06.??"]
[EventType "swiss"]
[EventRounds "9"]
[WhiteTeam "Merseburg SV"]
[BlackTeam "Kirchenlaibach TSV"]

1. c4 c5 2. Nf3 Nf6 3. d4 cxd4 4. Nxd4 g6 5. Nc3 Bg7 6. e4 d6 7. Be2 O-O 8. O-O
Nc6 9. Nxc6 bxc6 10. Be3 Qa5 11. h3 Rb8 12. Qd2 Rxb2 13. Qxb2 Nxe4 14. Qc2 Nxc3
15. Bd3 d5 16. Bd2 d4 17. Rfe1 Qc5 18. a3 Be6 19. Qb3 a5 20. Bf4 Bf5 21. Bxf5
Qxf5 22. Bd2 Ne4 23. Rxe4 Qxe4 24. Re1 Qf5 25. Rxe7 Bf6 26. Re1 d3 27. Qb6 Bg5
28. Qxa5 Qxa5 29. Bxa5 c5 30. Bb6 d2 31. Rd1 Rb8 32. Bxc5 Rb2 33. Bb4 Rc2 34.
Kf1 Rc1 35. Ke2 Rxc4 36. Bxd2 Be7 37. Rc1 Re4+ 38. Kd3 Ra4 39. Rc8+ Kg7 40.
Bc3+ f6 41. Rc7 Kf8 42. Bb4 Bxb4 43. axb4 Rxb4 44. Rxh7 Rb2 45. Ke3 Rb3+ 46.
Ke2 1/2-1/2

[Event "Oberfranken Senioren-EM2009 26th"]
[Site "Bischofsgrün (5.6.-13.6)"]
[Date "2009.06.11"]
[Round "7.2"]
[White "Jeske, Eckhard(52)"]
[Black "Kraft, Hans(32)"]
[Result "1-0"]
[WhiteElo "2159"]
[BlackElo "1936"]
[PlyCount "87"]
[EventDate "2009.06.??"]
[EventType "swiss"]
[EventRounds "9"]
[WhiteTeam "Rostock-07 SSC"]
[BlackTeam "Zirndorf SK"]

1. c4 c5 2. Nf3 Nc6 3. d4 cxd4 4. Nxd4 g6 5. e4 Bg7 6. Be3 Nf6 7. Nc3 d6 8. Be2
O-O 9. h3 Bd7 10. O-O Nxd4 11. Bxd4 Bc6 12. Qd3 a6 13. a4 a5 14. Kh1 Nd7 15.
Bxg7 Kxg7 16. f4 Qb6 17. Nb5 f6 18. Bf3 Rad8 19. Qc3 Nc5 20. Rfe1 e5 21. Qe3
exf4 22. Qc3 Rfe8 23. Qc2 Bxb5 24. axb5 a4 25. Rad1 Re5 26. Re2 Qc7 27. Red2
Qe7 28. Rd4 Nb3 29. Rd5 Rxd5 30. Rxd5 Nc5 31. Qd2 Nxe4 32. Qxf4 Nf2+ 33. Kh2 b6
34. Qd4 Qe1 35. Qd2 Qf1 36. Rd4 h5 37. Qe2 Qh1+ 38. Kg3 Qg1 39. Qxf2 Qc1 40.
Qd2 Qg1 41. Qd1 Qe3 42. Re4 Qg5+ 43. Kh2 f5 44. Qd4+ 1-0

[Event "Oberfranken Senioren-EM2009 26th"]
[Site "Bischofsgrün (5.6.-13.6)"]
[Date "2009.06.11"]
[Round "7.3"]
[White "Schweizer, Wolfgang Dr"]
[Black "Josting, Friedel"]
[Result "0-1"]
[WhiteElo "1908"]
[BlackElo "1821"]
[PlyCount "68"]
[EventDate "2009.06.??"]
[EventType "swiss"]
[EventRounds "9"]
[WhiteTeam "Kulmbach SK"]
[BlackTeam "Bünde SG"]

1. e4 c5 2. Nc3 Nc6 3. g3 g6 4. Bg2 Bg7 5. d3 d6 6. f4 e6 7. Nf3 Nge7 8. Be3
Nd4 9. Qd2 Rb8 10. Nd1 b5 11. c3 Nxf3+ 12. Bxf3 Qc7 13. O-O O-O 14. Bf2 Bb7 15.
Bg2 a5 16. Ne3 b4 17. Rab1 d5 18. exd5 Nxd5 19. Nxd5 Bxd5 20. Bxd5 exd5 21.
Rfc1 bxc3 22. bxc3 c4 23. Bd4 Bxd4+ 24. cxd4 Rxb1 25. Rxb1 c3 26. Qe3 c2 27.
Rc1 Rb8 28. f5 Rb1 29. f6 Rxc1+ 30. Qxc1 Qc3 31. Kg2 Qxd3 32. Qh6 Qe4+ 33. Kf2
Qxd4+ 34. Ke2 Qxf6 0-1

[Event "Oberfranken Senioren-EM2009 26th"]
[Site "Bischofsgrün (5.6.-13.6)"]
[Date "2009.06.11"]
[Round "7.4"]
[White "Jaschke, Dieter"]
[Black "Weigel, Herbert"]
[Result "0-1"]
[WhiteElo "1773"]
[BlackElo "2010"]
[PlyCount "60"]
[EventDate "2009.06.??"]
[EventType "swiss"]
[EventRounds "9"]
[WhiteTeam "Kirchenlaibach TSV"]
[BlackTeam "Zirndorf SK"]

1. d4 g6 2. g3 Bg7 3. Bg2 c5 4. Nf3 cxd4 5. Nxd4 Nf6 6. O-O O-O 7. Bg5 h6 8.
Bxf6 Bxf6 9. c3 Qb6 10. Qb3 Qc7 11. Na3 Nc6 12. Rfd1 d6 13. Rac1 Bd7 14. e3
Rac8 15. Nab5 Qb6 16. Nxc6 bxc6 17. Nd4 Qa6 18. Bf1 Qa5 19. Qc2 Rb8 20. b3 Rbc8
21. b4 Qb6 22. Nb3 Bg4 23. Rd2 c5 24. a3 cxb4 25. axb4 Rxc3 26. Qa2 Rfc8 27.
Rxc3 Rxc3 28. Nd4 Qxb4 29. Rb2 Qc5 30. h3 Bd7 0-1

[Event "Oberfranken Senioren-EM2009 26th"]
[Site "Bischofsgrün (5.6.-13.6)"]
[Date "2009.06.11"]
[Round "7.5"]
[White "Hoellger, Herbert"]
[Black "Ragsch, Klaus"]
[Result "1/2-1/2"]
[WhiteElo "1883"]
[BlackElo "1813"]
[PlyCount "84"]
[EventDate "2009.06.??"]
[EventType "swiss"]
[EventRounds "9"]
[WhiteTeam "Bad Hersfeld SK"]
[BlackTeam "Neuss/Norf SG"]

1. Nf3 d5 2. g3 Nf6 3. Bg2 Nbd7 4. O-O e5 5. d3 c6 6. Nbd2 Bd6 7. e4 O-O 8. Re1
Re8 9. h3 Nf8 10. c3 h6 11. Nf1 dxe4 12. dxe4 Be6 13. Qc2 Qc7 14. Be3 b6 15.
Rad1 Rad8 16. Rd2 Be7 17. Red1 Rxd2 18. Rxd2 Rd8 19. Rxd8 Bxd8 20. Bc1 Be7 21.
b3 N6d7 22. Be3 Nc5 23. N3d2 Qd7 24. Bxc5 Bxc5 25. b4 Be7 26. Kh2 c5 27. a3 Qb5
28. c4 Qd7 29. b5 Nh7 30. Ne3 Nf6 31. Nd5 Bxd5 32. exd5 Ne8 33. h4 Nd6 34. Bh3
Qd8 35. Ne4 Nxe4 36. Qxe4 Bd6 37. h5 Qg5 38. Qf5 Qxf5 39. Bxf5 Kf8 40. Kh3 Ke7
41. Kg4 Kf6 42. Be4 Bc7 1/2-1/2

[Event "Oberfranken Senioren-EM2009 26th"]
[Site "Bischofsgrün (5.6.-13.6)"]
[Date "2009.06.11"]
[Round "7.6"]
[White "Schurig, Wilhelm"]
[Black "Wawrinsky, Ludwig"]
[Result "1-0"]
[WhiteElo "1859"]
[BlackElo "1723"]
[PlyCount "126"]
[EventDate "2009.06.??"]
[EventType "swiss"]
[EventRounds "9"]
[WhiteTeam "Thiersheim SV"]
[BlackTeam "Neuperlach SK"]

1. c4 Nf6 2. d4 e6 3. a3 b6 4. Nc3 Bb7 5. d5 e5 6. Nf3 d6 7. g3 Nbd7 8. Bg2 Be7
9. O-O O-O 10. b3 a5 11. e4 Nc5 12. Nh4 Nxd5 13. Nxd5 Bxd5 14. cxd5 Bxh4 15.
gxh4 Qxh4 16. Be3 Nxe4 17. f3 Nc5 18. Bf2 Qg5 19. Rc1 Qg6 20. b4 axb4 21. axb4
Nd3 22. Rxc7 Nf4 23. Bg3 Ra2 24. Rf2 Rxf2 25. Kxf2 Nd3+ 26. Kg1 h5 27. Rc3 Nxb4
28. Rb3 Nc2 29. Qd3 Qxd3 30. Rxd3 Nd4 31. Bf2 Ne2+ 32. Kf1 Nf4 33. Rd1 b5 34.
Be3 Ng6 35. Bd2 f5 36. Bb4 Rd8 37. Kf2 Kf7 38. Bf1 Ke7 39. Bd2 Rb8 40. Rb1 Kf6
41. Rxb5 Rxb5 42. Bxb5 Ne7 43. Bc4 f4 44. Bb4 Nf5 45. Bd3 Ne3 46. Be4 Ke7 47.
h4 Kd7 48. Ke2 Ng2 49. Be1 Ne3 50. Bf2 Nc4 51. Kd3 Nb2+ 52. Kc2 Nc4 53. Kc3 Na5
54. Kb4 Nb7 55. Bg6 Ke7 56. Bxh5 Kf6 57. Bb6 g6 58. Bg4 Ke7 59. Bc8 Nd8 60.
Bxd8+ Kxd8 61. Be6 Kc7 62. Bf7 e4 63. Bxg6 exf3 1-0

[Event "Oberfranken Senioren-EM2009 26th"]
[Site "Bischofsgrün (5.6.-13.6)"]
[Date "2009.06.11"]
[Round "7.7"]
[White "Boeven, Manfred"]
[Black "Tuertmann, Dieter"]
[Result "1-0"]
[WhiteElo "1978"]
[BlackElo "1814"]
[PlyCount "61"]
[EventDate "2009.06.??"]
[EventType "swiss"]
[EventRounds "9"]
[WhiteTeam "Geilenkirchen SF"]
[BlackTeam "Eberswalde-1949 ESV"]

1. d4 d5 2. Nc3 Nf6 3. Bg5 Nbd7 4. e3 c6 5. Nf3 Qa5 6. Bd3 Ne4 7. O-O Nxc3 8.
Qd2 e6 9. bxc3 Bd6 10. Rfe1 O-O 11. e4 f6 12. Bf4 e5 13. Bg3 Qc7 14. Rad1 exd4
15. cxd4 Bxg3 16. hxg3 Nb6 17. Rb1 dxe4 18. Bxe4 f5 19. Bd3 f4 20. gxf4 Qxf4
21. Qxf4 Rxf4 22. Re8+ Rf8 23. Bxh7+ Kf7 24. Rxf8+ Kxf8 25. Ne5 Ke7 26. Be4 Kd6
27. c4 c5 28. Nd3 Nxc4 29. dxc5+ Kc7 30. Rb4 Nd2 31. Bd5 1-0